| 000 | 01763nam a2200493 i 4500 | ||
|---|---|---|---|
| 001 | 30386 | ||
| 003 | KOSZ 005 | ||
| 005 | 20201013090201.0 | ||
| 008 | 980702s1994 pl a f |000 0 pol | ||
| 015 | _aUWD 1996/2018 | ||
| 020 | _a8385949763 | ||
| 035 | _a991003904889705066 | ||
| 035 | _a(PL-WaBN)b11040610-48omnis_nlop | ||
| 035 | _ab11040610 | ||
| 035 | _a(OCoLC)749395730 | ||
| 035 | _a(PL)b0000001104061 | ||
| 035 | _a(EXLNZ-48OMNIS_NETWORK)9910308817205606 | ||
| 040 |
_aWA N _cWA N _dKR U _dKOSZ 005/EG |
||
| 046 | _k1994 | ||
| 080 | _a504.5 | ||
| 080 | _a546.3/.9 | ||
| 245 | 0 | 0 |
_aZanieczyszczenie środowiska rtęcią i jej związkami : _bpraca zbiorowa / _cpod red. Ryszarda Szpadta ; [zespół aut. Ewa Kozak et al. ; Państwowa Inspekcja Ochrony Środowiska]. |
| 260 |
_aWarszawa [etc.] : _bPIOŚ, _c1994. |
||
| 300 |
_a119, [1] s. : _b2 mapy., rys., wykr., err. ; _c23 cm. |
||
| 336 |
_aTekst _btxt _2rdacontent |
||
| 337 |
_aBez urządzenia pośredniczącego _bn _2rdamedia |
||
| 338 |
_aWolumin _bnc _2rdacarrier |
||
| 380 | _aKsiążki | ||
| 388 | _a1901-2000 | ||
| 388 | _a1989-2000 | ||
| 490 | 1 | _aBiblioteka Monitoringu Środowiska | |
| 504 | _aBibliogr. s. 111-118. | ||
| 650 | 7 |
_aDegradacja środowiska _2DBN |
|
| 650 | 7 |
_aZwiązki rtęci _2DBN |
|
| 658 | _aOchrona środowiska | ||
| 658 | _aChemia | ||
| 700 | 1 |
_aKozak, Ewa _c(ochrona środowiska) _eAutor |
|
| 700 | 1 |
_aSzpadt, Ryszard _eRedakcja |
|
| 710 | 1 |
_aPaństwowa Inspekcja Ochrony Środowiska _4pbl |
|
| 830 | 0 | _aBiblioteka Monitoringu Środowiska | |
| 856 |
_uhttp://koha.tu.koszalin.pl/cgi-bin/koha/opac-detail.pl?biblionumber=30386 _yKatalog online BPK |
||
| 942 |
_2UKD _cKS |
||
| 999 |
_c30386 _d30386 |
||